[Event "DEM U10 2019"]
[Site "Willingen GER"]
[Date "2019.06.09"]
[Round "2"]
[White "Dordevic, Tom"]
[Black "Besou, Hussain"]
[Result "0-1"]
[Termination "normal"]
[Board "1"]
[WhiteElo "1158"]
[BlackElo "1789"]
[WhiteClock "00:10:36"]
[BlackClock "00:12:39"]
[PlyCount "198"]
[WhiteFideId "16260503"]
[BlackFideId "16269950"]
[EventCountry "GER"]
[EventRounds "11"]
[EventType "swiss"]
[EventDate "2019.06.08"]

1. e4 {[%clk 1:15:56]} 1... e5 {[%clk 1:15:54]} 2. Nf3 {[%clk 1:16:13]} 2...
Nc6 {[%clk 1:16:16]} 3. Bc4 {[%clk 1:16:31]} 3... Nf6 {[%clk 1:16:39]} 4. d3 {
[%clk 1:16:34]} 4... Be7 {[%clk 1:16:30]} 5. O-O {[%clk 1:16:27]} 5... O-O {
[%clk 1:16:50]} 6. Re1 {[%clk 1:16:14]} 6... d6 {[%clk 1:12:14]} 7. c3 { [%clk
1:15:22]} 7... Bg4 {[%clk 1:09:55]} 8. Nbd2 {[%clk 1:10:50]} 8... d5 { [%clk
1:04:25]} 9. exd5 {[%clk 1:10:33]} 9... Nxd5 {[%clk 1:04:44]} 10. Nf1 { [%clk
1:07:25]} 10... Kh8 {[%clk 1:04:09]} 11. h3 {[%clk 1:06:02]} 11... Bh5 { [%clk
1:04:30]} 12. Ng3 {[%clk 1:05:04]} 12... Bg6 {[%clk 1:04:54]} 13. Nxe5 { [%clk
1:00:55]} 13... Nxe5 {[%clk 1:03:00]} 14. Rxe5 {[%clk 1:00:42]} 14... Nb6
{[%clk 1:03:22]} 15. Re1 {[%clk 0:59:43]} 15... Qd7 {[%clk 1:02:17]} 16. Qf3 {
[%clk 0:52:36]} 16... c6 {[%clk 1:01:58]} 17. Bf4 {[%clk 0:51:47]} 17... Rad8 {
[%clk 1:00:30]} 18. Rad1 {[%clk 0:50:13]} 18... Na4 {[%clk 0:58:18]} 19. Bc1 {
[%clk 0:45:26]} 19... b5 {[%clk 0:55:30]} 20. Bb3 {[%clk 0:44:34]} 20... Nc5 {
[%clk 0:55:52]} 21. d4 {[%clk 0:43:55]} 21... Nxb3 {[%clk 0:56:05]} 22. axb3 {
[%clk 0:44:18]} 22... Bc2 {[%clk 0:56:28]} 23. Rd2 {[%clk 0:42:22]} 23... Bxb3
{[%clk 0:56:50]} 24. Rde2 {[%clk 0:42:03]} 24... Be6 {[%clk 0:50:59]} 25. Bf4 {
[%clk 0:37:36]} 25... Rfe8 26. Ne4 {[%clk 0:34:50]} 26... Bd5 {[%clk 0:44:36]}
27. Qg3 {[%clk 0:33:12]} 27... Bf8 {[%clk 0:32:29]} 28. Bg5 {[%clk 0:24:03]}
28... Be7 {[%clk 0:32:08]} 29. Nc5 {[%clk 0:23:24]} 29... Bxc5 {[%clk 0:25:24]}
30. Bxd8 {[%clk 0:23:44]} 30... Rxe2 {[%clk 0:25:40]} 31. Rxe2 {[%clk 0:24:03]}
31... Bf8 {[%clk 0:24:07]} 32. Qc7 {[%clk 0:23:09]} 32... Qxc7 {[%clk 0:23:57]}
33. Bxc7 {[%clk 0:23:32]} 33... Be6 {[%clk 0:23:30]} 34. f4 {[%clk 0:22:44]}
34... g6 {[%clk 0:22:35]} 35. Be5+ 35... Kg8 {[%clk 0:22:57]} 36. Bc7 { [%clk
0:22:05]} 36... h5 {[%clk 0:21:31]} 37. Re1 {[%clk 0:21:38]} 37... a6 { [%clk
0:17:00]} 38. Ra1 {[%clk 0:20:44]} 38... Bc8 {[%clk 0:16:47]} 39. Kf2 { [%clk
0:19:59]} 39... f6 {[%clk 0:16:58]} 40. Ke2 {[%clk 0:19:44]} 40... Kf7 { [%clk
0:16:45]} 41. Kd2 {[%clk 0:19:57]} 41... Bb7 {[%clk 0:15:11]} 42. Bb6 { [%clk
0:17:57]} 42... Bd6 {[%clk 0:14:37]} 43. Ke3 {[%clk 0:17:49]} 43... Ke6 { [%clk
0:13:19]} 44. Bc5 {[%clk 0:17:29]} 44... Bc7 {[%clk 0:13:40]} 45. Kf3 { [%clk
0:16:54]} 45... Bd8 {[%clk 0:13:40]} 46. Re1+ {[%clk 0:16:38]} 46... Kf7 {[%clk
0:13:38]} 47. g4 {[%clk 0:15:12]} 47... Bc8 {[%clk 0:12:31]} 48. Rh1 { [%clk
0:11:16]} 48... Be6 {[%clk 0:12:39]} 49. Kg3 {[%clk 0:10:36]} 49... Bd5 { [%clk
0:12:39]} 50. Rf1 a5 51. gxh5 gxh5 52. f5 Bc7+ 53. Kh4 Bg2 54. Re1 Bd8 55. Kxh5
Bxh3 56. Re6 Bxf5 57. Rxc6 a4 58. Ra6 Be4 59. Ra7+ Ke6 60. Ra6+ Kf5 61. Kh4 Kf4
62. Bb6 Be7 63. Bc7+ Kf5 64. Kg3 Bd5 65. Bd6 Bd8 66. Bc5 Bc7+ 67. Kf2 Ke4 68.
Rxf6 Bf4 69. Rb6 Bc4 70. Bd6 Bc1 71. Ba3 Kd3 72. Rb8 Kc2 73. d5 Bxb2 74. Bb4 a3
75. Bxa3 Bxa3 76. Ke3 Bc5+ 77. Ke4 Kxc3 78. Ke5 Bg1 79. Rb7 b4 80. Kd6 b3 81.
Kc6 Bf1 82. Rb8 b2 83. d6 Bg2+ 84. Kd7 Kc2 85. Ke6 Bh3+ 86. Ke7 Bc5 87. Rb5
b1=Q 88. Rxb1 Kxb1 89. Kf6 Bxd6 90. Kg5 Be5 91. Kh4 Be6 92. Kg5 Kc2 93. Kg6 Kd3
94. Kg5 Ke4 95. Kg6 Kf4 96. Kh7 Bf7 97. Kh6 Kf5 98. Kh7 Kf6 99. Kh8 Kg6# 0-1

[Event "DEM U10 2019"]
[Site "Willingen GER"]
[Date "2019.06.09"]
[Round "2"]
[White "Scheerer, Julian"]
[Black "Helms, Finn"]
[Result "0-1"]
[Termination "normal"]
[Board "2"]
[WhiteElo "1395"]
[BlackElo "1773"]
[WhiteClock "00:28:31"]
[BlackClock "01:11:04"]
[PlyCount "126"]
[WhiteFideId "16265769"]
[BlackFideId "16249143"]
[EventCountry "GER"]
[EventRounds "11"]
[EventType "swiss"]
[EventDate "2019.06.08"]

1. e4 {[%clk 1:15:56]} 1... e6 {[%clk 1:15:52]} 2. d4 {[%clk 1:16:10]} 2... d5
{[%clk 1:16:18]} 3. exd5 {[%clk 1:16:13]} 3... exd5 {[%clk 1:16:40]} 4. Bd3 {
[%clk 1:16:22]} 4... Bd6 {[%clk 1:17:05]} 5. Ne2 {[%clk 1:15:46]} 5... Ne7 {
[%clk 1:17:24]} 6. O-O {[%clk 1:15:27]} 6... O-O {[%clk 1:17:33]} 7. c3 { [%clk
1:15:15]} 7... Bf5 {[%clk 1:17:52]} 8. Re1 {[%clk 1:14:35]} 8... c6 { [%clk
1:17:55]} 9. Bf4 {[%clk 1:14:25]} 9... Re8 {[%clk 1:17:22]} 10. Nd2 { [%clk
1:13:44]} 10... Bxd3 {[%clk 1:17:44]} 11. Bxd6 {[%clk 1:12:17]} 11... Qxd6
{[%clk 1:17:39]} 12. Ng3 {[%clk 1:11:54]} 12... Nd7 {[%clk 1:17:22]} 13. Re3
{[%clk 1:11:10]} 13... Bg6 {[%clk 1:17:19]} 14. Qe2 {[%clk 1:10:56]} 14... f6
{[%clk 1:15:17]} 15. Re6 {[%clk 1:10:05]} 15... Nf5 {[%clk 1:10:49]} 16. Rxe8+
{[%clk 1:05:02]} 16... Rxe8 {[%clk 1:11:12]} 17. Nxf5 {[%clk 1:04:14]} 17...
Rxe2 {[%clk 1:11:38]} 18. Nxd6 {[%clk 1:04:04]} 18... Rxd2 { [%clk 1:12:06]}
19. b3 {[%clk 1:00:07]} 19... b6 {[%clk 1:11:17]} 20. Re1 { [%clk 0:58:45]}
20... Rb2 {[%clk 1:09:05]} 21. f4 {[%clk 0:53:40]} 21... Rb1 { [%clk 1:09:22]}
22. Kf2 {[%clk 0:52:50]} 22... Rxe1 {[%clk 1:09:37]} 23. Kxe1 { [%clk 0:53:09]}
23... Be4 {[%clk 1:09:50]} 24. Kf2 {[%clk 0:52:46]} 24... Bb1 { [%clk 1:09:54]}
25. a3 {[%clk 0:50:46]} 25... a5 {[%clk 1:10:03]} 26. Ke3 { [%clk 0:50:14]}
26... Kf8 {[%clk 1:10:26]} 27. Nc8 {[%clk 0:48:11]} 27... b5 { [%clk 1:09:47]}
28. Kd2 {[%clk 0:45:11]} 28... Kf7 {[%clk 1:08:09]} 29. g4 { [%clk 0:44:51]}
29... g6 {[%clk 1:08:00]} 30. Kc1 {[%clk 0:44:31]} 30... Be4 { [%clk 1:08:24]}
31. c4 {[%clk 0:43:17]} 31... bxc4 {[%clk 1:07:24]} 32. bxc4 { [%clk 0:43:13]}
32... Ke6 {[%clk 1:07:25]} 33. c5 {[%clk 0:42:54]} 33... Bf3 { [%clk 1:06:27]}
34. f5+ {[%clk 0:39:30]} 34... gxf5 {[%clk 1:06:45]} 35. gxf5+ {[%clk 0:39:41]}
35... Kxf5 {[%clk 1:06:38]} 36. Ne7+ {[%clk 0:39:53]} 36... Kg4 {[%clk
1:04:27]} 37. Nxc6 {[%clk 0:39:44]} 37... Kh3 {[%clk 1:04:43]} 38. Na7 {[%clk
0:38:49]} 38... Nb8 {[%clk 1:04:50]} 39. c6 {[%clk 0:38:45]} 39... Na6 {[%clk
1:05:14]} 40. Nb5 {[%clk 0:38:55]} 40... Kxh2 {[%clk 1:05:29]} 41. c7 {[%clk
0:39:07]} 41... Bg4 {[%clk 1:05:56]} 42. Kd2 {[%clk 0:37:30]} 42... Kg3 {[%clk
1:05:28]} 43. Ke1 {[%clk 0:37:31]} 43... h5 {[%clk 1:05:52]} 44. Kf1 {[%clk
0:37:29]} 44... h4 {[%clk 1:06:18]} 45. Nc3 {[%clk 0:36:31]} 45... h3 { [%clk
1:06:28]} 46. Nd1 {[%clk 0:35:30]} 46... Nxc7 {[%clk 1:06:33]} 47. Nf2 { [%clk
0:35:19]} 47... h2 48. Nh1+ {[%clk 0:33:11]} 48... Kf3 {[%clk 1:06:36]} 49. Nf2
{[%clk 0:32:21]} 49... Bh3+ {[%clk 1:07:03]} 50. Ke1 {[%clk 0:31:34]} 50... a4
{[%clk 1:07:23]} 51. Nh1 {[%clk 0:31:06]} 51... Ne6 {[%clk 1:07:31]} 52. Nf2
{[%clk 0:30:21]} 52... Nxd4 {[%clk 1:07:52]} 53. Nh1 {[%clk 0:29:14]} 53...
Nc2+ {[%clk 1:08:13]} 54. Kd1 {[%clk 0:29:15]} 54... Ne3+ {[%clk 1:08:36] } 55.
Ke1 {[%clk 0:29:33]} 55... Nc2+ {[%clk 1:09:03]} 56. Kd1 {[%clk 0:29:13]} 56...
Bg2 {[%clk 1:09:29]} 57. Kd2 {[%clk 0:28:09]} 57... Bxh1 {[%clk 1:09:54]} 58.
Kd3 {[%clk 0:28:01]} 58... Bg2 {[%clk 1:10:18]} 59. Kd2 {[%clk 0:27:59]} 59...
h1=Q {[%clk 1:10:42]} 60. Kd3 {[%clk 0:28:11]} 60... Qd1+ {[%clk 1:10:42] } 61.
Kc3 {[%clk 0:28:05]} 61... d4+ {[%clk 1:10:48]} 62. Kb2 {[%clk 0:28:15]} 62...
Kg3 {[%clk 1:11:04]} 63. Ka2 {[%clk 0:28:31]} 63... Qa1# 0-1

[Event "DEM U10 2019"]
[Site "Willingen GER"]
[Date "2019.06.09"]
[Round "2"]
[White "Xue, Luka"]
[Black "Sauer, Tim"]
[Result "0-1"]
[Termination "normal"]
[Board "3"]
[WhiteElo "1429"]
[BlackElo "1553"]
[WhiteClock "00:53:21"]
[BlackClock "00:07:28"]
[PlyCount "142"]
[WhiteFideId "16277252"]
[BlackFideId "16265726"]
[EventCountry "GER"]
[EventRounds "11"]
[EventType "swiss"]
[EventDate "2019.06.08"]

1. e4 {[%clk 1:15:57]} 1... c6 {[%clk 1:15:54]} 2. d4 {[%clk 1:16:23]} 2... d5
{[%clk 1:16:21]} 3. exd5 {[%clk 1:16:48]} 3... cxd5 {[%clk 1:16:42]} 4. Bd3 {
[%clk 1:17:10]} 4... Nc6 {[%clk 1:17:08]} 5. c3 {[%clk 1:17:30]} 5... Nf6 {
[%clk 1:17:34]} 6. Bf4 {[%clk 1:17:46]} 6... Bg4 {[%clk 1:17:24]} 7. Qb3 {
[%clk 1:18:05]} 7... Qd7 {[%clk 1:17:04]} 8. Nd2 {[%clk 1:18:10]} 8... e6 {
[%clk 1:17:27]} 9. Ngf3 {[%clk 1:18:31]} 9... Bxf3 {[%clk 1:06:43]} 10. Nxf3 {
[%clk 1:18:14]} 10... Nh5 {[%clk 1:03:17]} 11. Ne5 {[%clk 1:17:04]} 11... Nxe5
{[%clk 0:59:38]} 12. Bxe5 {[%clk 1:16:59]} 12... a6 {[%clk 0:59:46]} 13. O-O {
[%clk 1:16:06]} 13... Be7 {[%clk 0:59:52]} 14. a4 {[%clk 1:15:05]} 14... O-O {
[%clk 0:57:59]} 15. Rae1 {[%clk 1:12:18]} 15... Bd6 {[%clk 0:54:27]} 16. Bb1 {
[%clk 1:11:56]} 16... f6 {[%clk 0:51:04]} 17. Bxd6 {[%clk 1:11:42]} 17... Qxd6
{[%clk 0:51:15]} 18. Qc2 {[%clk 1:11:41]} 18... g6 {[%clk 0:49:47]} 19. Re3 {
[%clk 1:10:37]} 19... Rae8 {[%clk 0:46:33]} 20. Rh3 {[%clk 1:06:47]} 20... Nf4
{[%clk 0:44:14]} 21. Rh4 {[%clk 1:04:25]} 21... f5 {[%clk 0:43:31]} 22. g3 {
[%clk 1:02:46]} 22... g5 {[%clk 0:43:36]} 23. Rg4 {[%clk 1:02:21]} 23... Nh3+ {
[%clk 0:43:27]} 24. Kg2 {[%clk 1:02:15]} 24... h5 {[%clk 0:43:48]} 25. Rh4 {
[%clk 1:00:01]} 25... Nf4+ {[%clk 0:36:31]} 26. gxf4 {[%clk 0:58:12]} 26...
gxh4 {[%clk 0:36:49]} 27. Qd2 {[%clk 0:57:11]} 27... Kh7 {[%clk 0:35:48]} 28.
h3 {[%clk 0:52:58]} 28... Rg8+ {[%clk 0:35:47]} 29. Kf3 {[%clk 0:53:17]} 29...
Qe7 {[%clk 0:32:57]} 30. Qe2 {[%clk 0:52:38]} 30... Qg7 {[%clk 0:32:01]} 31.
Ke3 {[%clk 0:52:18]} 31... Kh6 {[%clk 0:32:12]} 32. Bc2 {[%clk 0:52:01]} 32...
Qg2 {[%clk 0:32:11]} 33. Bd1 {[%clk 0:50:48]} 33... Qe4+ {[%clk 0:30:09]} 34.
Kd2 {[%clk 0:51:08]} 34... Qxf4+ {[%clk 0:30:21]} 35. Qe3 {[%clk 0:50:09]}
35... Qxe3+ {[%clk 0:30:23]} 36. Kxe3 36... Kg6 {[%clk 0:24:17]} 37. Kf4 {
[%clk 0:49:52]} 37... Kf6 {[%clk 0:23:23]} 38. Bxh5 38... Re7 {[%clk 0:22:32]}
39. Bf3 {[%clk 0:49:30]} 39... Reg7 {[%clk 0:22:14]} 40. b3 {[%clk 0:48:53]}
40... Rg1 {[%clk 0:22:22]} 41. Rxg1 {[%clk 0:48:53]} 41... Rxg1 {[%clk 0:22:20]
} 42. c4 {[%clk 0:49:09]} 42... dxc4 {[%clk 0:20:40]} 43. bxc4 {[%clk 0:49:23]}
43... Rc1 {[%clk 0:19:02]} 44. c5 {[%clk 0:49:26]} 44... Rc4 {[%clk 0:18:55]}
45. Ke3 {[%clk 0:49:36]} 45... e5 {[%clk 0:11:47]} 46. dxe5+ {[%clk 0:49:05]}
46... Kxe5 {[%clk 0:11:56]} 47. Bxb7 {[%clk 0:49:13]} 47... Rxa4 { [%clk
0:10:10]} 48. c6 {[%clk 0:47:39]} 48... Ra3+ {[%clk 0:05:09]} 49. Kd2 { [%clk
0:47:45]} 49... Kd6 {[%clk 0:05:04]} 50. Bc8 {[%clk 0:47:20]} 50... Rxh3 {[%clk
0:10:54]} 51. Bxa6 {[%clk 1:00:02]} 51... Kxc6 {[%clk 0:09:49]} 52. Bc8 {[%clk
1:00:00]} 52... Rh2 {[%clk 0:09:34]} 53. Ke2 {[%clk 0:54:57]} 53... Kd5 {[%clk
0:07:07]} 54. Bxf5 {[%clk 0:54:05]} 54... Ke5 {[%clk 0:07:28]} 55. Bd7 { [%clk
0:53:21]} 55... Kf4 56. Bc8 Rh1 57. Bd7 h3 58. Bxh3 Rxh3 59. Kf1 Kf3 60. Ke1
Rh4 61. Kd2 Kxf2 62. Kd3 Rg4 63. Kc3 Ke3 64. Kc2 Rc4+ 65. Kb3 Kd3 66. Ka2 Rb4
67. Ka3 Kc3 68. Ka2 Rb3 69. Ka1 Kc2 70. Ka2 Rc3 71. Ka1 Ra3# 0-1

[Event "DEM U10 2019"]
[Site "Willingen GER"]
[Date "2019.06.09"]
[Round "2"]
[White "Haubold, Sebastian Marcel"]
[Black "Jouani, Zakharia"]
[Result "1-0"]
[Termination "normal"]
[Board "4"]
[WhiteElo "1506"]
[BlackElo "1507"]
[WhiteClock "00:09:10"]
[BlackClock "00:11:48"]
[PlyCount "105"]
[WhiteFideId "16259637"]
[BlackFideId "16206746"]
[EventCountry "GER"]
[EventRounds "11"]
[EventType "swiss"]
[EventDate "2019.06.08"]

1. e4 {[%clk 1:15:57]} 1... c5 {[%clk 1:15:17]} 2. Nf3 {[%clk 1:15:16]} 2... e6
{[%clk 1:14:56]} 3. d4 {[%clk 1:13:37]} 3... cxd4 {[%clk 1:14:23]} 4. Nxd4 {
[%clk 1:12:41]} 4... a6 {[%clk 1:13:25]} 5. Nc3 {[%clk 1:12:06]} 5... Qc7 {
[%clk 1:13:26]} 6. Bd3 {[%clk 1:08:36]} 6... d6 {[%clk 1:09:46]} 7. O-O { [%clk
1:05:36]} 7... Nf6 {[%clk 1:09:37]} 8. Qf3 {[%clk 1:02:32]} 8... Nbd7 { [%clk
1:07:53]} 9. Re1 {[%clk 0:57:52]} 9... Be7 {[%clk 1:03:19]} 10. Be3 { [%clk
0:55:25]} 10... O-O {[%clk 1:00:47]} 11. Qg3 {[%clk 0:51:37]} 11... Kh8 { [%clk
0:58:25]} 12. f4 {[%clk 0:49:41]} 12... b5 {[%clk 0:52:28]} 13. a3 { [%clk
0:43:28]} 13... Bb7 {[%clk 0:49:50]} 14. Qh3 {[%clk 0:41:32]} 14... Nc5 { [%clk
0:45:16]} 15. Bf2 15... e5 {[%clk 0:40:42]} 16. fxe5 {[%clk 0:37:03]} 16...
dxe5 {[%clk 0:39:20]} 17. Nf5 {[%clk 0:36:45]} 17... Bc8 {[%clk 0:38:42]} 18.
Qf3 {[%clk 0:34:23]} 18... Nxd3 {[%clk 0:38:12]} 19. cxd3 {[%clk 0:33:59]}
19... Bc5 {[%clk 0:35:41]} 20. d4 {[%clk 0:30:24]} 20... exd4 {[%clk 0:32:58]}
21. Nxd4 {[%clk 0:29:23]} 21... Ng4 {[%clk 0:31:31]} 22. Rad1 {[%clk 0:26:32]}
22... Qxh2+ {[%clk 0:30:30]} 23. Kf1 {[%clk 0:23:03]} 23... Ne5 {[%clk 0:27:23]
} 24. Qg3 {[%clk 0:19:18]} 24... Qh1+ {[%clk 0:24:31]} 25. Ke2 {[%clk 0:17:34]}
25... Bg4+ {[%clk 0:21:07]} 26. Nf3 {[%clk 0:17:02]} 26... Bxf2 {[%clk 0:19:38]
} 27. Kxf2 {[%clk 0:16:49]} 27... Qh5 {[%clk 0:16:34]} 28. Rh1 {[%clk 0:16:10]}
28... Qg6 {[%clk 0:15:48]} 29. Qxe5 {[%clk 0:15:46]} 29... Qb6+ {[%clk 0:14:32]
} 30. Qd4 {[%clk 0:15:29]} 30... Qb8 {[%clk 0:14:27]} 31. e5 {[%clk 0:14:28]}
31... Be6 {[%clk 0:13:04]} 32. Ng5 {[%clk 0:13:10]} 32... Bf5 {[%clk 0:11:00]}
33. Nge4 {[%clk 0:11:53]} 33... Rd8 {[%clk 0:10:30]} 34. Qxd8+ {[%clk 0:11:47]}
34... Qxd8 {[%clk 0:10:38]} 35. Rxd8+ {[%clk 0:12:12]} 35... Rxd8 { [%clk
0:10:44]} 36. Nd6 {[%clk 0:12:30]} 36... Bg6 {[%clk 0:11:01]} 37. Rd1 { [%clk
0:12:47]} 37... Kg8 {[%clk 0:10:49]} 38. Nd5 {[%clk 0:12:15]} 38... h6 { [%clk
0:10:39]} 39. Ne7+ {[%clk 0:11:54]} 39... Kf8 {[%clk 0:10:54]} 40. Nxg6+ {[%clk
0:11:43]} 40... fxg6 {[%clk 0:11:18]} 41. Ke3 {[%clk 0:11:38]} 41... Ke7 {[%clk
0:11:28]} 42. Ke4 {[%clk 0:11:18]} 42... Ke6 {[%clk 0:11:37]} 43. Rf1 { [%clk
0:11:38]} 43... h5 {[%clk 0:11:24]} 44. Rf4 {[%clk 0:11:10]} 44... Rd7 { [%clk
0:11:12]} 45. Rf8 {[%clk 0:11:08]} 45... Rc7 {[%clk 0:11:05]} 46. Rc8 { [%clk
0:11:16]} 46... Rxc8 {[%clk 0:11:07]} 47. Nxc8 47... g5 {[%clk 0:11:28]} 48.
Nd6 {[%clk 0:09:10]} 48... g4 {[%clk 0:11:48]} 49. Nf5 Kf7 50. e6+ Kxe6 51.
Nxg7+ Kd6 52. Nxh5 Kc5 53. Kd3 1-0

[Event "DEM U10 2019"]
[Site "Willingen GER"]
[Date "2019.06.09"]
[Round "2"]
[White "Kullmann, Theo"]
[Black "Grabs, Peter"]
[Result "0-1"]
[Termination "normal"]
[Board "6"]
[BlackTitle "CM"]
[WhiteElo "1465"]
[BlackElo "1575"]
[WhiteClock "00:15:28"]
[BlackClock "00:05:32"]
[PlyCount "148"]
[WhiteFideId "16218582"]
[BlackFideId "16203887"]
[EventCountry "GER"]
[EventRounds "11"]
[EventType "swiss"]
[EventDate "2019.06.08"]

1. e4 {[%clk 1:15:56]} 1... e6 {[%clk 1:15:49]} 2. d4 {[%clk 1:16:20]} 2... d5
{[%clk 1:16:16]} 3. Nd2 {[%clk 1:16:43]} 3... Nf6 {[%clk 1:16:41]} 4. e5 {
[%clk 1:17:07]} 4... Nfd7 {[%clk 1:17:07]} 5. f4 {[%clk 1:17:26]} 5... c5 {
[%clk 1:17:31]} 6. c3 {[%clk 1:17:50]} 6... Nc6 {[%clk 1:17:55]} 7. Ndf3 {
[%clk 1:17:59]} 7... cxd4 {[%clk 1:18:19]} 8. cxd4 {[%clk 1:18:23]} 8... a5 {
[%clk 1:18:45]} 9. a3 {[%clk 1:18:03]} 9... a4 {[%clk 1:19:02]} 10. Bd3 { [%clk
1:18:06]} 10... Nb6 {[%clk 1:19:03]} 11. Ne2 {[%clk 1:18:21]} 11... Be7 { [%clk
1:18:43]} 12. Nc3 {[%clk 1:17:58]} 12... Bd7 {[%clk 1:18:58]} 13. O-O { [%clk
1:18:11]} 13... Na5 {[%clk 1:18:55]} 14. Re1 {[%clk 1:17:28]} 14... Nb3 { [%clk
1:17:00]} 15. Rb1 {[%clk 1:17:27]} 15... Rc8 {[%clk 1:16:19]} 16. Bc2 { [%clk
1:16:04]} 16... Nxc1 {[%clk 1:14:21]} 17. Rxc1 {[%clk 1:14:55]} 17... Bxa3
{[%clk 1:09:06]} 18. Nxa4 {[%clk 1:09:22]} 18... Rxc2 {[%clk 1:00:12]} 19. Qxc2
{[%clk 1:07:43]} 19... Bxa4 {[%clk 1:00:13]} 20. Qc3 {[%clk 1:05:58]} 20... Be7
{[%clk 0:59:29]} 21. b3 {[%clk 0:59:47]} 21... Bd7 {[%clk 0:56:05]} 22. Ra1
{[%clk 0:57:06]} 22... O-O {[%clk 0:53:58]} 23. Ra7 {[%clk 0:56:13]} 23... Bc6
{[%clk 0:53:57]} 24. Rea1 {[%clk 0:55:45]} 24... Qd7 {[%clk 0:51:39]} 25. Rc1
{[%clk 0:46:46]} 25... Rc8 {[%clk 0:49:45]} 26. Qa5 {[%clk 0:43:30]} 26... Bd8
{[%clk 0:49:53]} 27. Qb4 {[%clk 0:42:50]} 27... Qe7 {[%clk 0:44:45]} 28. Qxe7
{[%clk 0:42:32]} 28... Bxe7 {[%clk 0:45:07]} 29. g4 {[%clk 0:41:47]} 29... Kf8
{[%clk 0:44:26]} 30. h4 {[%clk 0:40:26]} 30... Ke8 {[%clk 0:44:19]} 31. Ng5
{[%clk 0:39:51]} 31... h6 {[%clk 0:44:03]} 32. Nh7 {[%clk 0:38:42]} 32... Bxh4
{[%clk 0:40:34]} 33. g5 {[%clk 0:35:49]} 33... hxg5 {[%clk 0:40:39]} 34. fxg5
{[%clk 0:36:08]} 34... Ke7 {[%clk 0:40:53]} 35. Kg2 {[%clk 0:31:52]} 35... f6
{[%clk 0:36:45]} 36. g6 {[%clk 0:28:48]} 36... fxe5 {[%clk 0:27:41]} 37. dxe5
{[%clk 0:29:03]} 37... d4+ {[%clk 0:22:36]} 38. Kh2 {[%clk 0:28:14]} 38... Nd7
{[%clk 0:22:39]} 39. Ra5 {[%clk 0:20:13]} 39... d3 {[%clk 0:15:12]} 40. Rd1
{[%clk 0:17:19]} 40... b6 {[%clk 0:06:37]} 41. Ra7 {[%clk 0:15:56]} 41... Be4
{[%clk 0:05:32]} 42. Ra4 {[%clk 0:15:28]} 42... Bxg6 43. Rxh4 Rh8 44. Rg1 Rxh7
45. Rxh7 Bxh7 46. Rxg7+ Kd8 47. Rg2 Nxe5 48. Kg3 Be4 49. Rd2 Nf3 50. Rd1 d2 51.
Rf1 Bc2 52. Kxf3 d1=Q+ 53. Rxd1+ Bxd1+ 54. Ke4 Bxb3 55. Kd4 Kd7 56. Kc3 Bd1 57.
Kb4 e5 58. Kc4 Kd6 59. Kd3 Kd5 60. Kd2 Bh5 61. Kd3 e4+ 62. Ke3 b5 63. Kd2 b4
64. Ke3 b3 65. Kd2 e3+ 66. Kxe3 b2 67. Kf4 b1=Q 68. Kg3 Qf5 69. Kg2 Qf3+ 70.
Kh2 Qg4 71. Kh1 Bg6 72. Kh2 Bb1 73. Kh1 Be4+ 74. Kh2 Qg2# 0-1

[Event "DEM U10 2019"]
[Site "Willingen GER"]
[Date "2019.06.09"]
[Round "2"]
[White "Haubold, Christian Lucas"]
[Black "Kullmann, Max"]
[Result "1/2-1/2"]
[Termination "normal"]
[Board "7"]
[WhiteElo "1387"]
[BlackElo "1455"]
[WhiteClock "00:35:39"]
[BlackClock "00:12:41"]
[PlyCount "108"]
[WhiteFideId "16259629"]
[BlackFideId "16218574"]
[EventCountry "GER"]
[EventRounds "11"]
[EventType "swiss"]
[EventDate "2019.06.08"]

1. e4 {[%clk 1:15:57]} 1... d5 {[%clk 1:15:48]} 2. exd5 {[%clk 1:16:07]} 2...
Qxd5 {[%clk 1:16:04]} 3. Nc3 {[%clk 1:15:39]} 3... Qa5 {[%clk 1:16:25]} 4. d4 {
[%clk 1:13:32]} 4... c6 {[%clk 1:16:38]} 5. Nf3 {[%clk 1:12:31]} 5... Nf6 {
[%clk 1:16:39]} 6. Bc4 {[%clk 1:11:32]} 6... Bg4 {[%clk 1:16:17]} 7. O-O {
[%clk 1:10:54]} 7... e6 {[%clk 1:16:22]} 8. a3 {[%clk 1:10:08]} 8... Bd6 {
[%clk 1:16:09]} 9. h3 {[%clk 1:06:24]} 9... Bh5 {[%clk 1:16:02]} 10. Be3 {
[%clk 0:58:47]} 10... Nbd7 {[%clk 1:13:02]} 11. Be2 {[%clk 0:48:41]} 11... Qc7
{[%clk 0:52:32]} 12. b4 {[%clk 0:45:25]} 12... O-O {[%clk 0:48:22]} 13. Qd2 {
[%clk 0:43:08]} 13... Rfe8 {[%clk 0:44:55]} 14. Ng5 {[%clk 0:38:34]} 14... Bxe2
{[%clk 0:34:09]} 15. Nxe2 {[%clk 0:35:58]} 15... h6 {[%clk 0:33:49]} 16. Nf3 {
[%clk 0:36:09]} 16... Ne4 {[%clk 0:30:55]} 17. Qd3 {[%clk 0:36:07]} 17... Ndf6
{[%clk 0:29:55]} 18. c4 {[%clk 0:36:14]} 18... b6 {[%clk 0:26:55]} 19. c5 {
[%clk 0:34:41]} 19... bxc5 {[%clk 0:26:25]} 20. dxc5 {[%clk 0:34:52]} 20... Be5
{[%clk 0:23:19]} 21. Nxe5 {[%clk 0:35:07]} 21... Qxe5 {[%clk 0:23:28]} 22. Bf4
{[%clk 0:33:26]} 22... Qf5 {[%clk 0:19:12]} 23. Bd6 {[%clk 0:32:44]} 23... Red8
{[%clk 0:16:04]} 24. Ng3 {[%clk 0:30:53]} 24... Nxg3 {[%clk 0:14:59]} 25. Qxg3
{[%clk 0:30:40]} 25... Ne4 {[%clk 0:14:36]} 26. Qh2 {[%clk 0:30:04]} 26... Qg6
{[%clk 0:11:50]} 27. Qe5 {[%clk 0:25:40]} 27... Nd2 {[%clk 0:11:37]} 28. Qc3 {
[%clk 0:24:04]} 28... Nxf1 {[%clk 0:11:38]} 29. Rxf1 {[%clk 0:24:23]} 29... Qh5
{[%clk 0:09:01]} 30. Qc4 {[%clk 0:23:36]} 30... Qd5 {[%clk 0:08:34]} 31. Qa6 {
[%clk 0:23:32]} 31... e5 {[%clk 0:05:39]} 32. Re1 {[%clk 0:22:12]} 32... e4 {
[%clk 0:05:18]} 33. Qe2 {[%clk 0:22:22]} 33... Re8 {[%clk 0:05:15]} 34. Rd1 {
[%clk 0:22:03]} 34... Qf5 {[%clk 0:04:50]} 35. Qa6 {[%clk 0:21:11]} 35... Qc8 {
[%clk 0:04:35]} 36. Qe2 {[%clk 0:20:41]} 36... a6 {[%clk 0:03:27]} 37. Rd4 {
[%clk 0:20:42]} 37... Qf5 {[%clk 0:03:23]} 38. Qc2 {[%clk 0:20:14]} 38... Qg6 {
[%clk 0:02:43]} 39. Qe2 39... Kh7 {[%clk 0:01:02]} 40. a4 {[%clk 0:19:40]}
40... Ra7 {[%clk 0:00:31]} 41. b5 {[%clk 0:19:16]} 41... axb5 {[%clk 0:14:02]}
42. axb5 {[%clk 0:35:06]} 42... cxb5 {[%clk 0:13:36]} 43. Qxb5 {[%clk 0:35:21]}
43... Ra1+ {[%clk 0:13:01]} 44. Kh2 {[%clk 0:35:39]} 44... Qf6 {[%clk 0:12:41]}
45. Qxe8 Qxd4 46. Be5 Qxf2 47. Bxa1 Qf4+ 48. Kg1 Qc1+ 49. Kh2 Qf4+ 50. Kg1 Qc1+
51. Kf2 Qd2+ 52. Kg3 Qe3+ 53. Kh2 Qf4+ 54. Kg1 Qc1+ 1/2-1/2